| 000 | 00748nam a2200241 a 4500 | ||
|---|---|---|---|
| 001 | 32960 | ||
| 003 | BD-RjUL | ||
| 005 | 20211209051925.0 | ||
| 008 | 140429s1964 enka 001 0 eng d | ||
| 035 | _a(BD-RjUL)33050 | ||
| 040 |
_aGHW _cGHW _beng _dBD-RjUL |
||
| 041 | _aeng | ||
| 082 | 0 | 0 |
_a301 _bMAS 1964 |
| 100 | 1 |
_aMacIver, Robert M. _q(Robert Morrison), _d1882-1970. _958296 |
|
| 245 | 1 | 0 |
_aSociety : _ban introductory analysis / _cby R.M. MacIver and Charles H. Page |
| 260 |
_aLondon : _bMacmillan, _c1964 |
||
| 300 |
_axvii, 697 p. : _bill ; _c23 cm |
||
| 500 | _aIncludes indexes | ||
| 504 | _a"Notes on further reading": p. 636-673 | ||
| 650 | 0 |
_aSociology _9100182 |
|
| 700 | 1 |
_aPage, Charles Hunt, _d1909- _9100183 |
|
| 942 |
_2ddc _cBK _02 |
||
| 999 |
_c32960 _d32960 |
||